| 000 | 00948nam a2200301 i 4500 | ||
|---|---|---|---|
| 001 | 0000564 | ||
| 003 | DO-SdBPM | ||
| 005 | 20250212104729.0 | ||
| 007 | 0000564 | ||
| 008 | 921113s 2008 dr a | | spa d | ||
| 017 |
_a _b |
||
| 020 | _a9789945406702 | ||
| 035 | _a | ||
| 040 |
_aDO-SdBPM _bspa _cBPMSU |
||
| 082 | 4 |
_a823 _bC319a 2008 _222 |
|
| 100 | 1 |
_a Carroll, Lewis, _d1832-1898 |
|
| 245 | 1 | 0 |
_aAlicia en el país de las maravillas / _cLewis Carroll ; ilustración Diana Roche ; versión María Isabel Plaz-Power _h |
| 260 |
_aSanto Domingo : _bTobogán, _c2008. |
||
| 300 |
_a105 p. : _bil., ; _c23 cm. |
||
| 490 | 0 | _aClásicos universales | |
| 590 | _aInventariado, 2025/VM | ||
| 650 | 4 | _a Cuentos infantiles ingleses | |
| 650 | 4 | _aLiteratura inglesa infantil | |
| 700 | 1 |
_aRoche, Diana _eilustración |
|
| 700 | 1 |
_aPlaz-Power, María Isabel _eversión |
|
| 910 | _aVMateo V. Control de calidad. BPMSU | ||
| 942 |
_2ddc _cBK |
||
| 999 |
_c11009 _d11009 |
||